[Event "Reykjavik Taflfelag op"]
[Site "Reykjavik"]
[Date "2019.11.13"]
[Round "5"]
[White "Larusson, Agnar Darri"]
[Black "Baldvinsson, Loftur"]
[Result "1-0"]
[WhiteElo "1751"]
[BlackElo "1933"]
[PlyCount "63"]
[EventDate "2019.10.16"]
[EventType "swiss"]
[EventRounds "7"]
[EventCountry "ISL"]
[SourceTitle "CBM 193 Extra"]
[Source "ChessBase"]
[SourceDate "2020.01.31"]
[SourceVersion "1"]
[SourceVersionDate "2020.01.31"]
[SourceQuality "1"]

1. e4 c5 2. Nf3 Nc6 3. d4 cxd4 4. Nxd4 d6 5. Nc3 e5 6. Ndb5 a6 7. Na3 Nf6 8. Bg5 Be7 9. Bxf6 Bxf6 10. Nd5 Be6 11. Nxf6+ gxf6 12. Nc4 d5 13. exd5 Bxd5 14. Qg4 Nd4 15. 0-0-0 Qc7 16. b3 b5 17. Ne3 Be6 18. Qg7 Ke7 19. Bd3 Rag8 20. Qh6 Rc8 21. Rhe1 Rhe8 22. Kb1 a5 23. f4 a4 24. fxe5 fxe5 25. Qg5+ f6 26. Qg7+ Bf7 27. Bxh7 axb3 28. axb3 Qa5 29. Bg6 Rf8 30. Nd5+ Ke6 31. Qxf6+ Kxd5 32. Rxe5# 1-0

[Event "ISL-chT1 1819"]
[Site "Reykjavik"]
[Date "2018.11.10"]
[Round "4.4"]
[White "Sigurpalsson, Runar"]
[Black "Baldvinsson, Loftur"]
[Result "1-0"]
[WhiteElo "2250"]
[BlackElo "1920"]
[PlyCount "73"]
[EventDate "2018.11.08"]
[EventType "team-tourn"]
[EventRounds "9"]
[EventCountry "ISL"]
[SourceTitle "CBM 187 Extra"]
[Source "ChessBase"]
[SourceDate "2018.11.04"]
[SourceVersion "1"]
[SourceVersionDate "2018.11.04"]
[SourceQuality "1"]
[WhiteTeam "Skakfelag Akureyrar"]
[BlackTeam "Skakdeild KR"]
[WhiteTeamCountry "ISL"]
[BlackTeamCountry "ISL"]

1. c4 Nf6 2. Nc3 g6 3. g3 Bg7 4. Bg2 0-0 5. Nf3 c5 6. 0-0 Nc6 7. d4 cxd4 8. Nxd4 d6 9. Nxc6 bxc6 10. Bxc6 Rb8 11. Bg2 Rb4 12. b3 Bb7 13. e4 Nxe4 14. Nxe4 Bxa1 15. Bd2 Rb6 16. Qxa1 f5 17. Bh6 Rf7 18. Ng5 Rf6 19. Bd5+ Bxd5 20. cxd5 Rb5 21. Bg7 Rxd5 22. Bxf6 exf6 23. Ne6 Qe7 24. Nf4 Re5 25. Qd4 g5 26. Nd5 Qf7 27. Rd1 Kg7 28. Ne3 f4 29. Nc4 Re6 30. Nxd6 Qh5 31. Rc1 Qh3 32. Qd3 Re5 33. Rc7+ Kf8 34. Ne4 Qf5 35. Qd8+ Re8 36. Qd6+ Kg8 37. Qxf6 1-0

[Event "ISL-chT1 1819"]
[Site "Reykjavik"]
[Date "2018.11.08"]
[Round "1.4"]
[White "Baldvinsson, Loftur"]
[Black "Ornolfsson, Magnus P"]
[Result "0-1"]
[WhiteElo "1920"]
[BlackElo "2204"]
[PlyCount "118"]
[EventDate "2018.11.08"]
[EventType "team-tourn"]
[EventRounds "9"]
[EventCountry "ISL"]
[SourceTitle "CBM 187 Extra"]
[Source "ChessBase"]
[SourceDate "2018.11.04"]
[SourceVersion "1"]
[SourceVersionDate "2018.11.04"]
[SourceQuality "1"]
[WhiteTeam "Skakdeild KR"]
[BlackTeam "Breidjablik Bolungavik"]
[WhiteTeamCountry "ISL"]
[BlackTeamCountry "ISL"]

1. e4 e5 2. Nc3 Nf6 3. Nf3 Nc6 4. Bb5 Bb4 5. 0-0 0-0 6. Nd5 Bc5 7. d3 Nxd5 8. exd5 Nd4 9. Nxd4 Bxd4 10. c3 Bb6 11. Qh5 d6 12. d4 Qf6 13. Bd3 h6 14. h4 Re8 15. Bb5 Re7 16. Re1 Bf5 17. Qf3 a6 18. dxe5 dxe5 19. Bc4 Qxh4 20. Bb3 Bg4 21. Re4 Bxf3 22. Rxh4 Be2 23. Be3 Bxe3 24. fxe3 h5 25. g3 Rd8 26. Rh2 Bf3 27. Rd2 Red7 28. c4 c6 29. Rf2 e4 30. Rd2 b5 31. cxb5 axb5 32. Rc1 cxd5 33. Rc5 d4 34. exd4 Rxd4 35. Rxd4 Rxd4 36. Kf2 b4 37. Ke3 Rd3+ 38. Kf4 Rd7 39. Rb5 Re7 40. Bc2 g6 41. Ke3 Kg7 42. Rxb4 f5 43. a4 g5 44. Rb5 Rf7 45. a5 f4+ 46. gxf4 gxf4+ 47. Kf2 Rd7 48. Rc5 Rd2+ 49. Kf1 Kf6 50. b4 Rh2 51. Kg1 Rh1+ 52. Kf2 Ra1 53. Rc4 Kf5 54. Rc6 Ra2 55. Ke1 Ke5 56. Rc7 e3 57. Re7+ Kd6 58. Re6+ Kxe6 59. Bb3+ Bd5 0-1

[Event "Reykjavik Icelandic op"]
[Site "Reykjavik"]
[Date "2018.06.07"]
[Round "8"]
[White "Briem, Benedikt"]
[Black "Baldvinsson, Loftur"]
[Result "1-0"]
[WhiteElo "1624"]
[BlackElo "1948"]
[PlyCount "115"]
[EventDate "2018.06.01"]
[EventType "swiss"]
[EventRounds "10"]
[EventCountry "ISL"]
[SourceTitle "CBM 184 Extra"]
[Source "ChessBase"]
[SourceDate "2018.06.28"]
[SourceVersion "1"]
[SourceVersionDate "2018.06.28"]
[SourceQuality "1"]

1. f4 Nf6 2. Nf3 d5 3. e3 g6 4. Be2 Bg7 5. 0-0 0-0 6. d3 c5 7. a4 Nc6 8. Ne5 Nd7 9. Nxc6 bxc6 10. e4 e5 11. f5 Nf6 12. Nc3 Rb8 13. Qe1 d4 14. Nd1 c4 15. g4 cxd3 16. cxd3 Nd7 17. Nf2 g5 18. b4 Re8 19. h4 h6 20. hxg5 hxg5 21. Nh1 f6 22. Bd1 Bf8 23. Bb3+ Kg7 24. Bd2 Ba6 25. Ng3 Bxb4 26. Nh5+ Kf8 27. Bxb4+ c5 28. Ba5 Qc8 29. Be6 Ke7 30. Qd2 Qc6 31. Bd5 Qd6 32. Rfb1 Nb6 33. Bxb6 Rxb6 34. a5 Rb4 35. Rxb4 cxb4 36. Rc1 Rc8 37. Rxc8 Bxc8 38. Bc4 Qc5 39. Qa2 Bd7 40. Ng7 b3 41. Bxb3 Qc1+ 42. Kg2 Kd6 43. Ne6 Bc6 44. Qc2 Qa3 45. Bd5 Qc3 46. Qxc3 dxc3 47. Bb3 Bb5 48. Bc2 Bd7 49. Kf3 Bc8 50. Ke3 Kc6 51. Ba4+ Kd6 52. d4 Ba6 53. dxe5+ Kxe5 54. Nc5 Bc8 55. Nd3+ Kd6 56. Kd4 Bb7 57. Nb4 Ba8 58. Nd5 1-0

[Event "Reykjavik op"]
[Site "Reykjavik"]
[Date "2018.03.06"]
[Round "1"]
[White "Hallsson, Jon Eggert"]
[Black "Baldvinsson, Loftur"]
[Result "0-1"]
[WhiteElo "1684"]
[BlackElo "1977"]
[PlyCount "52"]
[EventDate "2018.03.06"]
[EventType "swiss"]
[EventRounds "9"]
[EventCountry "ISL"]
[SourceTitle "CBM 183 Extra"]
[Source "ChessBase"]
[SourceDate "2018.04.19"]
[SourceVersion "1"]
[SourceVersionDate "2018.04.19"]
[SourceQuality "1"]

1. e4 e6 2. d4 d5 3. Nd2 Nc6 4. Ngf3 Nf6 5. e5 Nd7 6. Nb3 f6 7. Bb5 a6 8. Bxc6 bxc6 9. 0-0 c5 10. Bd2 cxd4 11. Nbxd4 Nb6 12. exf6 Qxf6 13. Bg5 Qg6 14. h4 Bd6 15. Nc6 Nd7 16. Re1 0-0 17. Nfe5 Nxe5 18. Rxe5 Qf7 19. Re2 Bd7 20. Nd4 e5 21. Nf3 Bg4 22. Rd2 h5 23. Qe1 Bxf3 24. gxf3 Qxf3 25. Qe3 Qg4+ 26. Kh1 Rf3 0-1

[Event "Reykjavik op"]
[Site "Reykjavik"]
[Date "2016.03.16"]
[Round "10"]
[White "Hardarson, Jon Trausti"]
[Black "Baldvinsson, Loftur"]
[Result "1-0"]
[WhiteElo "2058"]
[BlackElo "1939"]
[PlyCount "61"]
[EventDate "2016.03.08"]
[EventType "swiss"]
[EventRounds "10"]
[EventCountry "ISL"]
[SourceTitle "CBM 171 Extra"]
[Source "ChessBase"]
[SourceDate "2016.04.26"]
[SourceVersion "1"]
[SourceVersionDate "2016.04.26"]
[SourceQuality "1"]

1. e4 e6 2. d4 d5 3. Nd2 Nc6 4. Ngf3 Nf6 5. e5 Nd7 6. Nb3 Be7 7. c3 a5 8. a4 b6 9. Bb5 Na7 10. Bd3 c5 11. c4 Bb7 12. Be3 Rc8 13. Rc1 0-0 14. 0-0 cxd4 15. Nbxd4 Nc6 16. cxd5 Nxd4 17. Nxd4 Rxc1 18. Bxc1 Bxd5 19. f4 Bc5 20. Be3 Qh4 21. g3 Qh3 22. Rf2 f6 23. Bf1 Qh6 24. Nf5 exf5 25. Qxd5+ Kh8 26. Bxc5 Nxc5 27. e6 Qg6 28. e7 Re8 29. Bb5 Ne4 30. Bxe8 Qg4 31. Bh5 1-0

[Event "Reykjavik op"]
[Site "Reykjavik"]
[Date "2016.03.15"]
[Round "9"]
[White "Baldvinsson, Loftur"]
[Black "Lochte, Thomas"]
[Result "1/2-1/2"]
[WhiteElo "1939"]
[BlackElo "2067"]
[PlyCount "172"]
[EventDate "2016.03.08"]
[EventType "swiss"]
[EventRounds "10"]
[EventCountry "ISL"]
[SourceTitle "CBM 171 Extra"]
[Source "ChessBase"]
[SourceDate "2016.04.26"]
[SourceVersion "1"]
[SourceVersionDate "2016.04.26"]
[SourceQuality "1"]

1. e4 e5 2. Nc3 Nf6 3. Bc4 c6 4. d4 exd4 5. Qxd4 b5 6. Bd3 d6 7. Bg5 Be7 8. 0-0-0 Nbd7 9. Nf3 c5 10. Qe3 c4 11. Be2 Ng4 12. Qf4 Ndf6 13. Nxb5 0-0 14. Rhf1 Nxe4 15. Bxe7 Qxe7 16. Nfd4 g5 17. Nf5 Qf6 18. Qxe4 Bxf5 19. Qd4 Ne5 20. Qxd6 Qg7 21. Rd5 f6 22. Nd4 Be4 23. Ne6 Nf7 24. Nxg7 Nxd6 25. Rxd6 Kxg7 26. f3 Bf5 27. Bxc4 Rac8 28. Bb3 Rfe8 29. g4 Bg6 30. Rd7+ Kh6 31. Rd2 Re3 32. c3 Rce8 33. Bc2 Bf7 34. Rd7 Bg6 35. Bxg6 Kxg6 36. Rd2 Re1+ 37. Rxe1 Rxe1+ 38. Kc2 Rf1 39. b4 Rxf3 40. a4 Rf4 41. Rg2 Kf7 42. Kb3 Ke6 43. b5 Kd5 44. Rd2+ Kc5 45. Rd7 Rxg4 46. Rxh7 f5 47. Rxa7 f4 48. Rf7 Rg2 49. Rf5+ Kb6 50. h4 gxh4 51. Rxf4 h3 52. Rh4 h2 53. c4 Ka5 54. Rh6 Rg3+ 55. Kc2 Kxa4 56. Rxh2 Kb4 57. Rh4 Kc5 58. Kd2 Ra3 59. Ke2 Rc3 60. Rf4 Rh3 61. Re4 Ra3 62. Kd2 Rh3 63. Re3 Rh4 64. Rc3 Rh2+ 65. Kc1 Rg2 66. Rc2 Rg3 67. Kb2 Kb4 68. Kc1 Rd3 69. b6 Kc5 70. b7 Rd8 71. Kb2 Rb8 72. Kc3 Rxb7 73. Rg2 Rb1 74. Rg5+ Kc6 75. Kc2 Rh1 76. Rd5 Rh3 77. Rd3 Rxd3 78. Kxd3 Kc5 79. Kc3 Kc6 80. Kb4 Kb6 81. c5+ Kc6 82. Kc4 Kc7 83. Kd5 Kd7 84. c6+ Kc7 85. Kc5 Kc8 86. Kd6 Kd8 1/2-1/2

[Event "Reykjavik op"]
[Site "Reykjavik"]
[Date "2016.03.12"]
[Round "6"]
[White "Mai, Aron Thor"]
[Black "Baldvinsson, Loftur"]
[Result "0-1"]
[WhiteElo "1784"]
[BlackElo "1939"]
[PlyCount "128"]
[EventDate "2016.03.08"]
[EventType "swiss"]
[EventRounds "10"]
[EventCountry "ISL"]
[SourceTitle "CBM 171 Extra"]
[Source "ChessBase"]
[SourceDate "2016.04.26"]
[SourceVersion "1"]
[SourceVersionDate "2016.04.26"]
[SourceQuality "1"]

1. e4 e6 2. d4 d5 3. Nd2 Nc6 4. Ngf3 Nf6 5. e5 Nd7 6. c3 f6 7. exf6 Qxf6 8. Be2 Bd6 9. Nf1 0-0 10. Ng3 e5 11. dxe5 Ndxe5 12. 0-0 Be6 13. Ng5 Bf7 14. f4 Nd7 15. Bf3 Nb6 16. Be3 Bxf4 17. Bxf4 Qxf4 18. Nxf7 Qxf7 19. a4 Rad8 20. b3 a5 21. Ne2 Qe7 22. Qd2 Qc5+ 23. Nd4 Nxd4 24. cxd4 Qe7 25. Rae1 Qa3 26. Qg5 Qb4 27. Qg4 Rde8 28. Rxe8 Rxe8 29. Qf4 Qe7 30. Kh1 Rf8 31. Qg3 c6 32. Re1 Qf6 33. Qc7 Qxd4 34. Qxb7 Qf2 35. Rg1 Re8 36. h3 Qc5 37. Rf1 Rf8 38. Re1 Nc8 39. Qd7 Qd6 40. Qg4 Qf6 41. Re6 Qc3 42. Qh5 Qc1+ 43. Kh2 Qf4+ 44. Kh1 Nd6 45. Qg4 Qxg4 46. Bxg4 Rf6 47. Re7 Kf8 48. Ra7 Ne4 49. Rxa5 h5 50. Ra8+ Ke7 51. Ra7+ Kd6 52. Bf3 Nd2 53. Bxh5 g6 54. Bg4 Nxb3 55. a5 Nc5 56. Kg1 d4 57. Ra8 Kc7 58. Rc8+ Kb7 59. Rd8 d3 60. h4 Rf4 61. Bf3 Kc7 62. Rg8 Rxf3 63. gxf3 d2 64. Rg7+ Nd7 0-1

[Event "Gardabaer op"]
[Site "Gardabaer"]
[Date "2015.11.02"]
[Round "2"]
[White "Jonsson, Gauti Pall"]
[Black "Baldvinsson, Loftur"]
[Result "1-0"]
[WhiteElo "1782"]
[BlackElo "1988"]
[PlyCount "69"]
[EventDate "2015.10.26"]
[EventType "swiss"]
[EventRounds "7"]
[EventCountry "ISL"]
[SourceTitle "EXT 2017"]
[Source "ChessBase"]
[SourceDate "2016.10.25"]
[SourceVersion "1"]
[SourceVersionDate "2016.10.25"]
[SourceQuality "1"]

1. e4 e6 2. b3 d5 3. Bb2 Nf6 4. e5 Nfd7 5. Qg4 c5 6. f4 Nc6 7. Nf3 g6 8. Be2 Bg7 9. 0-0 0-0 10. Nc3 f5 11. Qg3 a6 12. a4 Rb8 13. h4 Qb6 14. Ng5 Nd4 15. a5 Qc6 16. h5 Nxe2+ 17. Nxe2 gxh5 18. Qh4 h6 19. Nh3 b5 20. Ng3 d4 21. Nxh5 Bb7 22. Rf3 Rf7 23. Raf1 Qe4 24. Rg3 Nxe5 25. d3 Nxd3 26. cxd3 Qe2 27. Rf2 Qd1+ 28. Kh2 Rbf8 29. b4 e5 30. fxe5 Qe1 31. Rxf5 Qxb4 32. Nxg7 Rxg7 33. Qxh6 Rff7 34. Rxf7 Kxf7 35. Rxg7+ 1-0